Witamy w Bibliotece Naukowej Instytutu Łączności!

Modele zagrożeń aglomeracji miejskiej wraz z systemem zarządzania kryzysowego na przykładzie miasta stołecznego Warszawy : (Rekord nr 24439)

000 -LEADER
fixed length control field 01565cam a2200445 i 4500
001 - CONTROL NUMBER
control field vtls001472280
003 - CONTROL NUMBER IDENTIFIER
control field NUKAT
005 - DATE AND TIME OF LATEST TRANSACTION
control field 20190903143929.0
008 - FIXED-LENGTH DATA ELEMENTS--GENERAL INFORMATION
fixed length control field 091124s2009 pl a |000 0 pol c
020 ## - INTERNATIONAL STANDARD BOOK NUMBER
International Standard Book Number 9788361486220
035 ## - SYSTEM CONTROL NUMBER
System control number xx001472280
039 #9 - LEVEL OF BIBLIOGRAPHIC CONTROL AND CODING DETAIL [OBSOLETE]
Level of rules in bibliographic description 201102161136
Level of effort used to assign nonsubject heading access points vpubwa
Level of effort used to assign subject headings 201010141120
Level of effort used to assign classification aekr
Level of effort used to assign subject headings 201009171119
Level of effort used to assign classification kopub
Level of effort used to assign subject headings 201005111552
Level of effort used to assign classification ugd
040 ## - CATALOGING SOURCE
Original cataloging agency TOR U/MoM
Transcribing agency TOR U/MoM
Modifying agency TOR U/LF
-- POZN U/JRs
041 0# - LANGUAGE CODE
Language code of text/sound track or separate title pol
Language code of summary or abstract/overprinted title or subtitle eng
099 ## - LOCAL FREE-TEXT CALL NUMBER (OCLC)
Classification number hh_779708
245 00 - TITLE STATEMENT
Title Modele zagrożeń aglomeracji miejskiej wraz z systemem zarządzania kryzysowego na przykładzie miasta stołecznego Warszawy :
Remainder of title praca zbiorowa /
Statement of responsibility, etc pod red. Andrzeja Najgebauera.
260 ## - PUBLICATION, DISTRIBUTION, ETC. (IMPRINT)
Place of publication, distribution, etc Warszawa :
Name of publisher, distributor, etc Wojskowa Akademia Techniczna,
Date of publication, distribution, etc 2009.
300 ## - PHYSICAL DESCRIPTION
Extent 827 s. :
Other physical details il. kolor. ;
Dimensions 25 cm.
336 ## - TYP ZAWARTOŚCI
Typ zawartosci rdacontent
-- Tekst
-- txt
337 ## - TYP MEDIUM
Typ medium rdamedia
-- Bez urządzenia pośredniczącego
-- n
338 ## - TYP NOŚNIKA
Typ nosnika rdacarrier
-- Wolumin
-- nc
504 ## - BIBLIOGRAPHY, ETC. NOTE
Bibliography, etc Bibliogr. przy pracach.
546 ## - LANGUAGE NOTE
Language note Streszcz. ang. przy pracach.
650 ## - SUBJECT ADDED ENTRY--TOPICAL TERM
Topical term or geographic name as entry element Bezpieczeństwo w miastach
Geographic subdivision Polska
-- Warszawa.
650 ## - SUBJECT ADDED ENTRY--TOPICAL TERM
Topical term or geographic name as entry element Obrona cywilna
Geographic subdivision Polska
-- Warszawa.
650 ## - SUBJECT ADDED ENTRY--TOPICAL TERM
Topical term or geographic name as entry element Zarządzanie kryzysowe
General subdivision informatyka
Geographic subdivision Polska
-- Warszawa.
650 ## - SUBJECT ADDED ENTRY--TOPICAL TERM
Topical term or geographic name as entry element Zarządzanie kryzysowe
Geographic subdivision Polska
-- Warszawa.
700 1# - ADDED ENTRY--PERSONAL NAME
Personal name Najgebauer, Andrzej.
Relator term Red.
920 ## - ISBN
ISBN 978-83-61486-22-0
942 ## - ADDED ENTRY ELEMENTS (KOHA)
Source of classification or shelving scheme
Koha item type Książki
960 ## - PHYSICAL LOCATION (RLIN)
Physical location, PLOC (RLIN) GD_U
967 ## - ADDITIONAL ESTC CODES (RLIN)
GNR (RLIN) LUBL_U
Egzemplarze
Withdrawn status Lost status Source of classification or shelving scheme Damaged status Not for loan Permanent Location Current Location Shelving location Date acquired Inventory number Full call number Barcode Date last seen Price effective from Koha item type
          Instytut Łączności Instytut Łączności Magazyn 2019-09-03 40379 40379 40379 2019-12-03 2019-09-03 Książki

Działa dzięki Koha